Southville International School and Colleges
Your cart is empty.
  • Cart
  • Lists
    Public lists Eva Luna New books Lux_list list_1
    Your lists Log in to create your own lists
  • Log in to your account
  • Your cookies
  • Search history
Southville International School and Colleges
  • Advanced search
  • Recent comments
  • Most popular
  • Libraries

Log in to your account

Log in with GOOGLE


If you do not have an external account, but do have a local account, you can still log in:

  1. Home
  2. MARC view: Nickel:
Normal view MARC view ISBD view

Nickel: (Record no. 360344)

[ view plain ]
MARC details
000 -LEADER
fixed length control field 00472nam a2200169Ia 4500
003 - CONTROL NUMBER IDENTIFIER
control field SISC
005 - DATE AND TIME OF LATEST TRANSACTION
control field 20190115092724.0
008 - FIXED-LENGTH DATA ELEMENTS--GENERAL INFORMATION
fixed length control field 190115s9999 xx 000 0 und d
020 ## - INTERNATIONAL STANDARD BOOK NUMBER
International Standard Book Number 9782090384987
050 ## - LIBRARY OF CONGRESS CALL NUMBER
Classification number PC 2129.E5
Item number .Au919 2014
100 ## - MAIN ENTRY--PERSONAL NAME
Personal name Auge, Helene
245 ## - TITLE STATEMENT
Statement of responsibility, etc Helene Auge, M.D. Canada, et.al
Title Nickel:
Remainder of title methode de francais/
260 ## - PUBLICATION, DISTRIBUTION, ETC. (IMPRINT)
Place of publication, distribution, etc UK:
Name of publisher, distributor, etc CLE International
Date of publication, distribution, etc 2014
300 ## - PHYSICAL DESCRIPTION
Extent 208 pages :
Dimensions 280 cm.
650 ## - SUBJECT ADDED ENTRY--TOPICAL TERM
Topical term or geographic name as entry element French language
942 ## - ADDED ENTRY ELEMENTS (KOHA)
Source of classification or shelving scheme Library of Congress Classification
Koha item type Books
Holdings
Withdrawn status Lost status Damaged status Home library Current library Shelving location Date acquired Source of acquisition Total Checkouts Full call number Barcode Date last seen Price effective from Koha item type
          Teachers Reference Section 01/15/2019     PC 2129.E5 .Au919 2014 20705 01/15/2019 01/15/2019  

Nickel:

APA

Auge H., . (2014). Nickel. UK: CLE International.

Chicago

Auge Helene, . 2014. Nickel. UK: CLE International.

Harvard

Auge H., . (2014). Nickel. UK: CLE International.

MLA

Auge Helene, . Nickel. UK: CLE International. 2014.

  • Place hold
  • Print
  • Cite
  • Add to your cart (remove)
  • Save record
    BIBTEX Dublin Core MARCXML MARC (non-Unicode/MARC-8) MARC (Unicode/UTF-8) MARC (Unicode/UTF-8, Standard) MODS (XML) RIS
  • More searches
    Search for this title in:
    Other Libraries (WorldCat) Other Databases (Google Scholar) Online Stores (Bookfinder.com) Open Library (openlibrary.org)

Exporting to Dublin Core...

SOUTHVILLE LIBRARY

Southville International School and Colleges Library

1281 Tropical Ave. Cor. Luxembourg St., BF Homes International, Las Pinas City

Tel. No. 8256374 / 252358 Loc. 117/146

Powered by Koha